Представление документа в формате MARC21

Поле Инд. ПП Название Значение
Тип записи m
Библиографический уровень m
001 Контрольный номер RU/LIBMSTU/386340258
005 Дата корректировки 20230131140730.2
008 Кодируемые данные 121029|||||||||ru |||||||||||000|||rus||
040 b Код языка каталог. rus
e Правила каталог. PSBO
041 0_ a Код языка текста rus
084 a Индекс другой классификации/Индекс ББК 74.58+65.9(2 Рос)я73
245 10 a Заглавие Методические указания
b Продолж. заглавия к написанию и оформлению вып. квалификац. работы по специальности 080103.65 "Национальная экономика"
c Ответственность Федер. агентство по рыболовству, Мурман. гос. техн. ун-т, Каф. экон. теории и нац. экономики ; сост. С. Б. Савельева, А. Н. Савельев
h Физич. носитель Электронный ресурс
256 a Характеристики компьютерного файла Электрон. текстовые дан. (1 файл : 283 Кб)
260 a Место издания Мурманск
b Издательство Изд-во МГТУ
c Дата издания 2011
500 10 a Примечание Доступ из локальной сети Мурман. гос. техн. ун-та. - Загл. с экрана
583 x Служебное примечание Полнотекстовые документы
x Служебное примечание Труды преподавателей МГТУ
z Открытое примечание Для студентов экономических специальностей
z Открытое примечание 26.00.00
653 1_ a Ключевые слова Выпускные квалификационные работы; Методические указания; Труды преподавателей МГТУ; Национальная экономика; Электронные версии
a Ключевые слова Труды преподавателей МГТУ
856 0_ u URL https://elib.mauniver.ru/2011/M_11_158.pdf
901 t Тип документа m